Countries (Minus Their Remote Islands) Closest to Canada - Statistics

General Stats
  • This quiz has been taken 235 times
  • The average score is 16 of 20
Answer Stats
km Country miles % Correct
0 United States 0
100%
1809 Mexico 1124
99%
1238 Russia 769
94%
2065 Cuba 1283
93%
2839 United Kingdom 1764
90%
1657 Bahamas 1030
88%
2644 Dominican Republic 1643
87%
1638 Iceland 1018
87%
2582 Haiti 1604
85%
2985 Ireland 1855
85%
2625 Jamaica 1631
84%
2733 Guatemala 1698
82%
2642 Belize 1642
78%
2823 Honduras 1754
77%
2200 Norway 1367
73%
2352 Sweden 1461
71%
2972 Nicaragua 1846
69%
2905 Saint Kitts and Nevis 1805
69%
2880 Antigua and Barbuda 1790
67%
2342 Finland 1455
67%
No matching quizzes found
Score Distribution
Percent of People with Each Score
Percentile by Number Answered
Your Score History
You have not taken this quiz